Polscy Raperzy/Traperzy 2021 - Statystyki

Ogólne statystyki
  • Ten quiz został rozwiązany 2 251 razy
  • Średni wynik to 38 z 68
Statystyki odpowiedzi
Hint Odpowiedź % Poprawnych
Schodki mata
98%
Sexoholik żabson
98%
Jesteś ładniejsza niż na zdjęciach bedoes
97%
Bandyta sobel
96%
Szklanki young leosia
96%
Billy Kid reto
94%
Morgan white 2115
94%
Robie YEAH malik montana
92%
SIRI oki
91%
Worki W Tłum oio
89%
Język Ciała tymek
89%
Plecak young multi
86%
Mówiłaś young igi
84%
Dwutakt alberto
81%
BLUEBERRY guzior
81%
@ chillwagon
79%
Madagaskar quebonafide
79%
Oh Daddy smolasty
76%
Szaman paluch
75%
30 km/h kali
74%
Mademoiselle blacha
73%
Oddajemy Krew Wampirom szpaku
72%
6 zer taco hemingway
72%
Wodospady popek
69%
Kapitan wac toja
69%
Skiety & klapki kabe
66%
Art kizo
66%
Bierz do buzi qry
66%
Wybory jan-rapowanie
65%
Kosmita gedz
62%
hot coffee schafter
62%
Rio sentino
62%
How białas
61%
Rakieta jacuś
59%
Sikam Szampan mr polska
58%
Wuwua josef bratan
55%
Piję wódę i słucham Ich Troje kukon
55%
Nicki trill pem
55%
Yabadabadoo salvador
51%
bb zeamsone
51%
Ooopsy Daisy otsochodzi
48%
Wyje Wyje Bane tede
48%
Jackiechan borixon
45%
Sicario słoń
45%
Surfer be vis
44%
Magenta pezet
44%
kodeks marki olszakumpel
43%
Palenie Zabija chivas
42%
Syntetyczny Bóg solar
37%
Dzień Dobry belmondo
34%
Czemu Bugs? floral bugs
33%
Johncik zetha
32%
Baba Hassan pusher
31%
Paprykarz major spz
27%
6 Rano sobota
27%
Jest si beteo
26%
Przebój Nocy pro8l3m
26%
Epitafium Avi
25%
Riki Tiki gang albanii
24%
All Day Everyday (Łee) kaz bałagane
24%
Leje To Do Fanty aleshen
22%
Trademark fukaj
21%
Patologika alan
18%
klony yung adisz
17%
Babcia I Dziadek zibex
13%
Poprawa Prawa bonus rpk
12%
PERC FREE pako
9%
MONDAY jony
6%
Nie znaleziono quizów pasujących do podanych kryteriów
Rozkład punktacji
Procent ludzi z każdym wynikiem
Percentyl według liczby udzielonych odpowiedzi
Twoja historia wyników
Nie rozwiązałeś tego quizu